OPAC Home

ශ්‍රී කවි ද්වජය (Record no. 90284)

MARC details
000 -LEADER
fixed length control field 00544nam a2200205Ia 4500
003 - CONTROL NUMBER IDENTIFIER
control field LK-CoDNM
008 - FIXED-LENGTH DATA ELEMENTS--GENERAL INFORMATION
fixed length control field 010623t1920 xxu||||| |||| 00| 1 sin d
040 ## - CATALOGING SOURCE
Original cataloging agency LK-CoDNM
Modifying agency LK-CoDNM
Description conventions LK-CoDNM
041 ## - LANGUAGE CODE
Language code of text/sound track or separate title Sinhala; Sinhalese
080 ## - UNIVERSAL DECIMAL CLASSIFICATION NUMBER
Universal Decimal Classification number 104 E.10
942 ## - ADDED ENTRY ELEMENTS (KOHA)
Koha item type Books
100 ## - MAIN ENTRY--PERSONAL NAME
Personal name Kavidhaja Thero,Malvenne
245 ## - TITLE STATEMENT
Title ශ්‍රී කවි ද්වජය
246 ## - VARYING FORM OF TITLE
Title proper/short title Sri Kavidhvajaya
260 ## - PUBLICATION, DISTRIBUTION, ETC. (IMPRINT)
Name of publisher, distributor, etc. Vidya Vissruta
Place of publication, distribution, etc. Aluthgama
Date of publication, distribution, etc. 1920
300 ## - PHYSICAL DESCRIPTION
Other physical details 24p., 21 cm
650 ## - SUBJECT ADDED ENTRY--TOPICAL TERM
Topical term or geographic name as entry element Consonants
650 ## - SUBJECT ADDED ENTRY--TOPICAL TERM
Topical term or geographic name as entry element Dicipline
650 ## - SUBJECT ADDED ENTRY--TOPICAL TERM
Topical term or geographic name as entry element Nature of the Languages
Holdings
Withdrawn status Lost status Damaged status Not for loan Collection code Permanent Location Current Location Date acquired Full call number Barcode Koha item type
    Damaged   Monographs Library National Museum Colombo - Sri Lanka Library National Museum Colombo - Sri Lanka 2023-08-02 104 E 10 OB810 29 Books
Copyright © 2023 Department of National Museum, Colombo 07, Sri Lanka Funded by UNESCO IFAP UNESCO